00490nam a2200145Ia 4500003000400000005001700004040000700021050002300028100002500051245016700076250002400243260004700267300001500314650001500329OSt20260312145757.0 cLC aQA 276 . S 25 1997 aSALEEMI, NISAR AHMAD 0aSTATISTICS SIMPLIFIED: A TEXT BOOK FOR: STATISTICS PAPERS OF CPS, KNEC, UNIVERSITY DEGREE COURSE, BUSINESS SUBJECTS OF OTHER EXAMINING BODIES AND GENERAL READING  aEAST AFRICA EDITION aNAIROBI,bSAVANI'S BOOK CENTRE LTD,c1997, a403 P, ILL aStatistics